| 000 | 01532cam a2200301 4500 | ||
|---|---|---|---|
| 001 | L127194 | ||
| 008 | 000000n2004 000 0 eng u | ||
| 020 | _a1904388256 | ||
| 035 | _a(Sirsi) u127194 | ||
| 041 | 0 | _aeng | |
| 050 | 0 | 4 | _a347.41067 $2 18 |
| 100 | 1 | _aHall, Jean Graham | |
| 245 | 0 | 4 |
_aThe expert witness _ba CPD study pack |
| 250 | _a4th ed. | ||
| 260 |
_aReading _bCollege of Estate Management _c2004 |
||
| 300 |
_a41p. _c30cm. _e+ 1 audio cassette (ca. 60 min.) |
||
| 350 | _a51 | ||
| 490 | 0 | _aCollege of Estate Management CPD Study Pack | |
| 520 | _aExplains the legal framework in which the expert witness operates and includes advice for making a competent performance before the court or tribunal. Covers: the structure of the courts, tribunals and arbitration; instructions; preparations for the hearing; court proceedings; evidence; the expert witness as advocate; liability for negligence; and integrity of the expert witness. Appendices include a table of cases and a summary of a suggested expert's report. | ||
| 520 | _aAccompanied by Owlion audio tape "Surveyors as advocates and expert witnesses" (J98021) which is available to borrow separately. | ||
| 520 | _aSupersedes third edition (ISBN 1899769331). | ||
| 651 | 4 |
_aEngland and Wales _y1543- |
|
| 690 | _aMANAGEMENT-DISPUTE AVOIDANCE, MANAGEMENT AND RESOLUTION-DISPUTE MANAGEMENT AND RESOLUTION-EXPERT WITNESSES | ||
| 700 | 1 | _aSmith, Gordon D. | |
| 700 | 1 | _aBarry, Paul | |
| 710 | 2 |
_aCollege of Estate Management _9400 |
|
| 942 | _n0 | ||
| 999 |
_c103714 _d103714 |
||